Famous Scots by Picture - Statistics

General Stats
  • This quiz has been taken 96 times
  • The average score is 8 of 16
Answer Stats
Picture Hint Answer % Correct
1930–2020 Sean Connery
84%
1941– Alex Ferguson
72%
1971– Ewan McGregor
71%
1971– David Tennant
67%
1954– Annie Lennox
60%
1969– Gerard Butler
53%
1723–1790 Adam Smith
47%
1759–1796 Robert Burns
45%
1881–1955 Alexander Fleming
43%
1942– Billy Connolly
40%
1951– Kenny Dalglish
40%
1946– Brian Cox
37%
1940– Denis Law
35%
1850–1894 Robert Louis Stevenson
25%
1711–1790 David Hume
21%
1771–1832 Walter Scott
21%
No matching quizzes found
Score Distribution
Percent of People with Each Score
Percentile by Number Answered
Your Score History
You have not taken this quiz